| 000 | 00370nam a22001217a 4500 | ||
|---|---|---|---|
| 082 | _a220 PRO | ||
| 100 |
_aOWEBA RAHMAN MUBASHER A.ZAMAN SYED MANSHOOR ALI _971380 |
||
| 245 | _aPR-SOF-1647-ANOMALY DETECTION THROUGH MOSAIC FORMATION | ||
| 260 |
_aISLAMABAD _bNUST COLLEGE OF EME _c2017 |
||
| 650 |
_a DE-COMP-35 _971381 |
||
| 700 |
_aDR SHOAB A.KHAN _918474 |
||
| 942 | _cCR | ||
| 999 |
_c577929 _d577929 |
||